Missing Word: #1 Hits of 1983 Quiz Stats

 Plays Quiz Updated Feb 7, 2015

Challenge
Share
Tweet
Embed
Score 0/13 Timer 02:00
0 Plays Today
#1 Hit Song Missing Word % Correct
Billie _____Jean
98%
Sweet _____ (Are Made of This)Dreams
96.5%
Every _____ You TakeBreath
95.3%
All Night _____ (All Night)Long
94.4%
_____ ItBeat
94.1%
Total _____ of the HeartEclipse
93.9%
Come _____ EileenOn
90.1%
Let's _____Dance
88.7%
Down _____Under
84.7%
Tell _____ About ItHer
80%
_____ in the StreamIslands
73.5%
Baby, _____ to MeCome
60%
_____...What A FeelingFlashdance
49.6%

Today's Daily Dose

Quick Pick
The Muppets

On This Day
December 19th II

You're not logged in!

Compare scores with friends on all Sporcle quizzes.
OR
Log In

You Might Also Like...

Show Comments

Extras

Top Quizzes Today


Score Distribution

Your Account Isn't Verified!

In order to create a playlist on Sporcle, you need to verify the email address you used during registration. Go to your Sporcle Settings to finish the process.

Report this User

Report this user for behavior that violates our Community Guidelines.

Details: